| 000 | 00511nam a2200181Ia 4500 | ||
|---|---|---|---|
| 999 |
_c189 _d189 |
||
| 020 | _a0-690-70890-4 | ||
| 082 | _aRR 423.1 ROG- | ||
| 245 | 0 | _aRoget's international thesaurus | |
| 250 | _a3rd | ||
| 260 |
_aNew York _bThomas y. Crowell _c1962 |
||
| 300 | _a1256p. | ||
| 500 | _acontents: Acc no. D7, (3rd ed.), (xxi,1258p.), (1962) | ||
| 504 | _aIncludes index | ||
| 650 | _aEnglish language - Dictionaries | ||
| 650 | _aDictionaries | ||
| 650 | _aEnglish language - Synonyms and antonyms | ||
| 942 |
_cBK _2ddc |
||